Statistics for World Capitals in Alphabetical Order: appearing dots on Map

Click here to take the quiz!

General Stats

  • This quiz has been taken 144 times
  • The average score is 155 of 200

Answer Stats

Capital % Correct
Abu Dhabi
100%
Abuja
98%
Amsterdam
96%
Amman
96%
Ankara
96%
Andorra la Vella
96%
Algiers
96%
Antananarivo
95%
Addis Ababa
95%
Accra
95%
Asunción
94%
Apia
94%
Athens
93%
Ashgabat
93%
Bamako
93%
Bratislava
91%
Bogotá
91%
Bern
91%
Brasília
91%
Astana
91%
Asmara
91%
Baku
91%
Baghdad
91%
Brazzaville
90%
Bishkek
90%
Berlin
90%
Buenos Aires
90%
Belgrade
90%
Belmopan
90%
Beijing
90%
Bandar Seri Begawan
90%
Bangkok
90%
Bucharest
89%
Canberra
89%
Copenhagen
89%
Caracas
89%
Brussels
89%
Budapest
89%
Bloemfontein
89%
Beirut
89%
Basseterre
89%
Bissau
89%
Bangui
89%
Cairo
88%
Castries
88%
Chișinău
88%
Cape Town
88%
Banjul
88%
Bridgetown
86%
Conakry
86%
Djibouti
83%
Dublin
81%
Funafuti
81%
Georgetown
81%
Freetown
81%
Dili
81%
Dushanbe
80%
Dhaka
80%
Doha
80%
Dodoma
80%
Gaborone
80%
Dakar
79%
Damascus
79%
Khartoum
78%
Kathmandu
78%
Kabul
78%
Kuwait City
78%
Lima
78%
Jerusalem
78%
Luxembourg
78%
Lisbon
78%
Madrid
78%
Kiev
78%
Harare
78%
Jakarta
78%
Helsinki
78%
Havana
78%
Islamabad
78%
Ljubljana
76%
Guatemala City
76%
Hanoi
76%
Mexico City
76%
Managua
76%
Naypyidaw
76%
Mogadishu
76%
Montevideo
76%
Juba
76%
Honiara
76%
Kingstown
76%
Kingston
76%
Kigali
76%
Kampala
76%
Kinshasa
76%
La Paz
76%
Kuala Lumpur
76%
Mbabane
75%
Minsk
75%
Monaco
75%
Nairobi
75%
Paris
75%
Moscow
75%
Moroni
75%
Monrovia
75%
Nassau
75%
Libreville
75%
Lusaka
75%
London
75%
Lomé
75%
Lilongwe
75%
Majuro
75%
Luanda
75%
Manila
75%
Cotonou
75%
Manama
75%
Malé
75%
Ottawa
74%
Oslo
74%
Nukuʻalofa
74%
Palikir
74%
Panama City
74%
Phnom Penh
74%
Malabo
74%
Maputo
74%
Muscat
74%
Podgorica
73%
Port Louis
73%
Port Vila
73%
Niamey
73%
Port-au-Prince
73%
Paramaribo
73%
Port Moresby
73%
Maseru
73%
Nouakchott
73%
New Delhi
73%
N'Djamena
73%
Ouagadougou
73%
Pyongyang
71%
Quito
71%
Rabat
71%
Riga
71%
Nicosia
71%
Pristina
71%
Reykjavík
71%
Porto-Novo
71%
Gitega
71%
Vaduz
71%
Port-of-Spain
71%
Valletta
71%
Prague
71%
Vatican City
70%
Zagreb
70%
Riyadh
70%
Praia
70%
Ngerulmud
70%
Pretoria
70%
Vientiane
69%
Rome
69%
Singapore
69%
Vienna
69%
Tbilisi
69%
Ulaanbaatar
69%
Seoul
69%
Taipei
69%
Tunis
69%
Windhoek
69%
Yamoussoukro
69%
Tripoli
69%
Yerevan
69%
Wellington
69%
Sana'a
69%
Washington D.C.
69%
Tehran
69%
Santiago
69%
Tashkent
69%
Vilnius
68%
Yaoundé
68%
Tokyo
68%
Warsaw
68%
Victoria
68%
Santo Domingo
68%
São Tomé
68%
Skopje
68%
San Marino
68%
San José
68%
Roseau
68%
Sri Jayawardenepura Kotte
68%
Sofia
68%
Suva
68%
Stockholm
68%
Tegucigalpa
68%
Sucre
68%
Tallinn
68%
Thimphu
66%
Yaren
66%
San Salvador
66%
Sarajevo
66%
Tirana
66%
South Tarawa
65%
Saint George's
65%
Saint John's
64%

Score Distribution

Percentile by Number Answered

Percent of People with Each Score

Your Score History

You have not taken this quiz